000 00392nam a2200169Ia 4500
001 21911
003 IN-NITTTR
005 20251114233248.0
008 251113s9999||||xx |||||||||||||| ||eng||
040 _beng
040 _cIN-NITTTR
041 _aeng
082 _a536.2 S46H
100 _aSukhatme, S. P.
245 2 _aA text book on heat transfer. /
_cSukhatme, S. P.
942 _2ddc
_cBK
999 _c24541
_d24541